| 000 | 00385nam a22001577a 4500 | ||
|---|---|---|---|
| 003 | SGT | ||
| 020 | _a978-81-312-4700-6 | ||
| 082 |
_a616.0757 _bC17N |
||
| 100 | _aNORTON, MARY E. | ||
| 245 | _aCALLEN'S ULTRASONOGRAPHY IN OBSTETRICS & GYNECOLOGY | ||
| 250 | _a1ST SA EDITION | ||
| 260 |
_aINDIA _bELSEVIER PUB _c2107 |
||
| 300 | _a1252 | ||
| 650 | _aRADIOLOGY | ||
| 942 |
_2ddc _cBK |
||
| 999 |
_c18708 _d18708 |
||